| 000 | 01218nam a2200289 i 4500 | ||
|---|---|---|---|
| 003 | EG-ScBUE | ||
| 005 | 20231115092831.0 | ||
| 008 | 100712s1996 ua ab af 000 0cara d | ||
| 017 | _a1996 / 8786 | ||
| 020 | _a9775066344 | ||
| 040 |
_aEG-ScBUE _bara _erda _cEG-ScBUE _dEG-ScBUE |
||
| 082 | 0 | 4 |
_a910.132092 _222 _bح م د |
| 100 | 1 |
_aحمدان، جمال، _d1928-1993، _eمؤلف. |
|
| 245 | 1 | 0 |
_aصفحات من أوراقه الخاصة : _bمذكرات في الجغرافيا السياسية / _cد. جمال حمدان ؛ إعداد وتقديم د. عبد الحميد صالح حمدان. |
| 250 | _aالطبعة الأولى. | ||
| 264 | 1 |
_aالقاهرة : _bدار الغد العربي، _c1996. |
|
| 300 |
_a183 صفحة : _bإيضاحيات، خرائط ؛ _c20 سم. |
||
| 336 |
_2rdacontent _aنص _btxt |
||
| 337 |
_aبدون وسيط _2rdamedia _bn |
||
| 338 |
_aمجلد _bnc _2rdacarrier |
||
| 490 | 0 |
_aكتاب الغد ؛ _v2 |
|
| 541 |
_aألف باء ؛ _cشراء ؛ |
||
| 650 | 7 |
_916271 _aالجغرافية السياسية _vتراجم. _2BUEsh |
|
| 655 | _vReading book | ||
| 700 | 1 |
_916270 _aحمدان، عبد الحميد صالح، _eمعد، _eمقدم. |
|
| 942 |
_2ddc _cBB |
||
| 999 |
_c14466 _d14466 |
||